Statistics for 2017 Formula One drivers by team

Click here to take the quiz!

General Stats

  • This quiz has been taken 96 times
    (79 since last reset)
  • The average score is 17 of 25

Answer Stats

Answer% Correct
Lewis Hamilton
100%
Sebastian Vettel
95%
Daniel Ricciardo
92%
Max Verstappen
92%
Sergio Perez
92%
Kimi Raikkonen
88%
Fernando Alonso
86%
Valtteri Bottas
86%
Esteban Ocon
85%
Kevin Magnussen
85%
Romain Grosjean
83%
Lance Stroll
75%
Stoffel Vandoorne
75%
Felipe Massa
73%
Marcus Ericsson
69%
Pierre Gasly
68%
Carlos Sainz Jr.
59%
Jenson Button
56%
Jolyon Palmer
44%
Pascal Wehrlein
44%
Brendon Hartley
41%
Paul di Resta
36%
Antonio Giovinazzi
34%
Nico Hulkenburg
19%
Daniil Kyvat
5%

Score Distribution

Percentile by Number Answered

Percent of People with Each Score

Your Score History

You have not taken this quiz since the last reset